Australian History - Statistics

General Stats
  • This quiz has been taken 131 times
  • The average score is 10 of 14
Answer Stats
Year Hint Postcode % Correct
1911 This city becomes the capital Canberra
95%
1880 This famous outlaw is executed Ned Kelly
89%
1915 Australian and New Zealand soldiers fight at this fatal WWI battle Gallipoli
88%
1956 Olympics are held in this city Melbourne
88%
1967 This referendum allowed who to receive better services and be treated equally under the law Aboriginals
86%
1788 Australia becomes this sort of colony Penal
78%
1854 Miners form a rebellion against British soldiers Eureka Stockade
73%
1975 This immigration policy ends {White Australia} Policy
72%
1986 The Australia Act makes Australian law fully independent of what British Parliament
65%
2018 Scott Morrison over throws this former PM becoming the 7th PM in the last 10 years Malcolm Turnbull
64%
1996 35 people are killed at this historic site Port Arthur
62%
1901 This man is elected this first PM of the newly independent Australia Edmund Barton
57%
2009 Major bush fires burn across Victoria on this known as _____ ________ Black Saturday
50%
1856 Australia becomes the first country to introduce this (hint: it's about voting) Secret Ballot
23%
No matching quizzes found
Score Distribution
Percent of People with Each Score
Percentile by Number Answered
Your Score History
You have not taken this quiz